[Event "4NCL Division 2b"]
[Site "Telford, ENG"]
[Date "2017.11.11"]
[Round "1.51"]
[White "Walker, David J"]
[Black "Jones, Steven A"]
[Result "1-0"]
[WhiteElo "2284"]
[BlackElo "2168"]
[PlyCount "61"]
[EventDate "2017.11.11"]
[WhiteTeam "North East England"]
[BlackTeam "West is Best 2"]

1. c4 Nf6 2. g3 e5 3. Bg2 c6 4. d4 exd4 5. Qxd4 Na6 6. Nf3 Bc5 7. Qe5+ Be7 8.
O-O O-O 9. Nc3 Re8 10. Qd4 Bc5 11. Qd3 d5 12. cxd5 Nxd5 13. Nxd5 Qxd5 14. Qxd5
cxd5 15. e3 Bf5 16. Bd2 Rac8 17. Rfc1 Be4 18. a3 Be7 19. Rxc8 Rxc8 20. Nd4 Bf6
21. Bc3 Nc5 22. Nb5 Bxc3 23. Nxc3 Bxg2 24. Kxg2 Nd3 25. Rd1 Nxb2 26. Rxd5 h6
27. Ne4 Rc7 28. Nc5 Nc4 29. Rd8+ Kh7 30. Nd7 g6 31. Nf6+ 1-0

[Event "4NCL Division 2b"]
[Site "Telford, ENG"]
[Date "2017.11.11"]
[Round "1.52"]
[White "Morris, Charles F"]
[Black "Wall, Tim P"]
[Result "0-1"]
[WhiteElo "2131"]
[BlackElo "2237"]
[PlyCount "54"]
[EventDate "2017.11.11"]
[WhiteTeam "West is Best 2"]
[BlackTeam "North East England"]

1. c4 b6 2. Nc3 Bb7 3. e4 e6 4. Nf3 Bb4 5. Bd3 Ne7 6. O-O O-O 7. e5 Ng6 8. Be4
Bxe4 9. Nxe4 d5 10. exd6 Bxd6 11. d4 Nc6 12. g3 e5 13. d5 Nce7 14. Bd2 h6 15.
Bc3 f5 16. Ned2 c5 17. dxc6 Nxc6 18. Nb3 Kh7 19. Qc2 Qe7 20. Rad1 Rad8 21. Rd5
Nb4 22. Bxb4 Bxb4 23. Rxd8 Qxd8 24. Rd1 Qa8 25. Rd5 Ne7 26. Nh4 Nxd5 27. Nxf5
g6 0-1

[Event "4NCL Division 2b"]
[Site "Telford, ENG"]
[Date "2017.11.11"]
[Round "1.53"]
[White "Dunn, Andrew"]
[Black "Edgell, Ben P"]
[Result "1/2-1/2"]
[WhiteElo "2237"]
[BlackElo "2144"]
[PlyCount "46"]
[EventDate "2017.11.11"]
[WhiteTeam "North East England"]
[BlackTeam "West is Best 2"]

1. d4 Nf6 2. Nf3 d5 3. e3 g6 4. c4 Bg7 5. Nc3 O-O 6. Be2 c5 7. dxc5 Qa5 8. O-O
dxc4 9. Bxc4 Qxc5 10. Qd4 Nbd7 11. Bd2 a6 12. a4 Qh5 13. Qh4 Qxh4 14. Nxh4 Ne5
15. Be2 Be6 16. Nf3 Nc4 17. Be1 Rac8 18. Nd4 Bd7 19. b3 Nd6 20. Rd1 Rfd8 21.
Nb1 Nfe4 22. Ba5 Re8 23. Bb4 Red8 1/2-1/2

[Event "4NCL Division 2b"]
[Site "Telford, ENG"]
[Date "2017.11.11"]
[Round "1.54"]
[White "Spencer, Douglas"]
[Black "Moreby, James"]
[Result "1/2-1/2"]
[WhiteElo "2005"]
[BlackElo "2245"]
[PlyCount "43"]
[EventDate "2017.11.11"]
[WhiteTeam "West is Best 2"]
[BlackTeam "North East England"]

1. d4 Nf6 2. Nf3 g6 3. Bf4 Bg7 4. e3 d6 5. h3 O-O 6. c3 Nfd7 7. Bg3 e5 8. dxe5
dxe5 9. e4 Qe7 10. Qc2 Nc6 11. Nbd2 a6 12. a4 Nd8 13. Bc4 c5 14. Bh4 Nf6 15.
Nf1 h6 16. Ne3 g5 17. Bg3 Nc6 18. O-O Bd7 19. a5 Rae8 20. Nd2 Nh5 21. Bh2 Nf4
22. Nd5 1/2-1/2

[Event "4NCL Division 2b"]
[Site "Telford, ENG"]
[Date "2017.11.11"]
[Round "1.55"]
[White "Coathup, Roger H"]
[Black "Taylor, William J"]
[Result "0-1"]
[WhiteElo "2177"]
[BlackElo "2035"]
[PlyCount "102"]
[EventDate "2017.11.11"]
[WhiteTeam "North East England"]
[BlackTeam "West is Best 2"]

1. d4 Nf6 2. c4 g6 3. Nc3 Bg7 4. e4 d6 5. Be2 O-O 6. Bg5 c5 7. d5 e6 8. Qd2
exd5 9. exd5 Qb6 10. Nf3 Bf5 11. Nh4 Ne4 12. Nxe4 Bxe4 13. f3 h6 14. Bxh6 Bxh6
15. Qxh6 Qxb2 16. O-O Bc2 17. Rac1 Re8 18. Qd2 Qf6 19. g3 Bf5 20. Nxf5 Qxf5 21.
f4 Nd7 22. Rb1 b6 23. Bd3 Qf6 24. Bc2 Re7 25. Rfe1 Rae8 26. Rxe7 Rxe7 27. Kg2
Kg7 28. h4 Qd4 29. Qxd4+ cxd4 30. Kf2 Nc5 31. Rd1 Re3 32. Rxd4 Rc3 33. Rd2 Rxc4
34. f5 b5 35. fxg6 fxg6 36. Kf3 a5 37. Ke3 a4 38. Bd1 b4 39. Rb2 Rc3+ 40. Kd2
Rd3+ 41. Ke2 b3 42. axb3 axb3 43. g4 Rh3 44. Rb1 Rxh4 45. Ke3 Kf6 46. Kd4 Rh1
47. Kc4 Rf1 48. Kb5 Ne4 49. Kc6 Ke5 50. Bc2 Rxb1 51. Bxb1 g5 0-1

[Event "4NCL Division 2b"]
[Site "Telford, ENG"]
[Date "2017.11.11"]
[Round "1.56"]
[White "Davis, Lee"]
[Black "Dargan, Paul A G"]
[Result "1/2-1/2"]
[WhiteElo "2061"]
[BlackElo "2162"]
[PlyCount "28"]
[EventDate "2017.11.11"]
[WhiteTeam "West is Best 2"]
[BlackTeam "North East England"]

1. d4 Nf6 2. g3 c5 3. Nf3 g6 4. Bg2 Bg7 5. c4 cxd4 6. Nxd4 O-O 7. O-O Nc6 8.
Nc3 Qa5 9. Nb3 Qh5 10. Nd5 d6 11. Nf4 Qe5 12. Nd3 Qh5 13. Nf4 Qe5 14. Nd3 Qh5
1/2-1/2

[Event "4NCL Division 2b"]
[Site "Telford, ENG"]
[Date "2017.11.11"]
[Round "1.57"]
[White "Turner, Max N"]
[Black "Homer, Stephen J"]
[Result "0-1"]
[WhiteElo "2177"]
[BlackElo "2008"]
[PlyCount "84"]
[EventDate "2017.11.11"]
[WhiteTeam "North East England"]
[BlackTeam "West is Best 2"]

1. d4 Nf6 2. c4 e6 3. g3 Bb4+ 4. Bd2 Qe7 5. Bg2 d5 6. Nf3 Nc6 7. a3 Bxd2+ 8.
Nbxd2 a5 9. O-O O-O 10. Qc2 Rd8 11. Rfd1 Bd7 12. b3 h6 13. e4 dxe4 14. Nxe4
Nxe4 15. Qxe4 Re8 16. Qe3 Rad8 17. Qc3 b6 18. Ne5 Nxe5 19. dxe5 Bc8 20. c5
Rxd1+ 21. Rxd1 Rd8 22. Rxd8+ Qxd8 23. Be4 Qd1+ 24. Kg2 Ba6 25. h4 Qf1+ 26. Kh2
Qxf2+ 27. Kh1 Qxc5 28. Qd2 Qe7 29. b4 axb4 30. axb4 Bb5 31. Kh2 c5 32. bxc5
bxc5 33. Qa5 Qe8 34. Qc7 c4 35. Kh3 h5 36. g4 hxg4+ 37. Kxg4 g6 38. h5 gxh5+
39. Kxh5 f5+ 40. Kh6 Qf8+ 41. Kg6 Be8+ 42. Kg5 fxe4 0-1

[Event "4NCL Division 2b"]
[Site "Telford, ENG"]
[Date "2017.11.11"]
[Round "1.58"]
[White "Howell, Oliver W"]
[Black "Henderson, David"]
[Result "0-1"]
[WhiteElo "1907"]
[BlackElo "2132"]
[PlyCount "48"]
[EventDate "2017.11.11"]
[WhiteTeam "West is Best 2"]
[BlackTeam "North East England"]

1. Nf3 d5 2. c4 d4 3. e3 Nc6 4. exd4 Nxd4 5. Nc3 c6 6. Nxd4 Qxd4 7. d3 Bf5 8.
Be3 Qd7 9. d4 Nf6 10. Bd3 Bg6 11. d5 e6 12. O-O exd5 13. cxd5 Nxd5 14. Nxd5
Qxd5 15. Bxg6 hxg6 16. Re1 O-O-O 17. Qg4+ Qd7 18. Qa4 Bd6 19. g3 Qh3 20. Bxa7
Qxh2+ 21. Kf1 Qh3+ 22. Ke2 Rhe8+ 23. Be3 Bxg3 24. Qa8+ Bb8 0-1

[Event "4NCL Division 2b"]
[Site "Telford, ENG"]
[Date "2017.11.11"]
[Round "1.61"]
[White "Pitcher, John"]
[Black "Plueg, Andreas"]
[Result "1/2-1/2"]
[WhiteElo "2228"]
[BlackElo "2280"]
[PlyCount "72"]
[EventDate "2017.11.11"]
[WhiteTeam "Warwickshire Select 1"]
[BlackTeam "Anglian Avengers 1"]

1. e4 c6 2. d4 d5 3. e5 c5 4. c4 cxd4 5. Ne2 Nc6 6. Nxd4 e6 7. Nc3 Nge7 8. cxd5
Nxd5 9. Nxc6 bxc6 10. Qg4 Qa5 11. Bd2 Rb8 12. Nxd5 Qxd5 13. Bc3 h5 14. Qc4 Bb4
15. Bxb4 Qxc4 16. Bxc4 Rxb4 17. b3 Ke7 18. O-O-O Rd8 19. Rxd8 Kxd8 20. Rd1+ Ke7
21. Kc2 g5 22. Kc3 c5 23. g3 Bb7 24. Rd6 h4 25. gxh4 gxh4 26. f4 Rb6 27. Rd3
Bg2 28. Rd2 Be4 29. a4 a5 30. Bb5 Bd5 31. Rd3 Rb8 32. Bc4 Be4 33. Re3 Bf5 34.
Be2 Rb4 35. Bc4 Rb8 36. Be2 Rb4 1/2-1/2

[Event "4NCL Division 2b"]
[Site "Telford, ENG"]
[Date "2017.11.11"]
[Round "1.62"]
[White "Oyama, Akito"]
[Black "Stepanyan, Henrik"]
[Result "1-0"]
[WhiteElo "2245"]
[BlackElo "2282"]
[PlyCount "99"]
[EventDate "2017.11.11"]
[WhiteTeam "Anglian Avengers 1"]
[BlackTeam "Warwickshire Select 1"]

1. e4 e5 2. Nf3 Nc6 3. d4 exd4 4. Nxd4 Bc5 5. Nxc6 Qf6 6. Qf3 bxc6 7. Nd2 d6 8.
Nb3 Bb6 9. a4 a5 10. Bd2 Be6 11. Bc3 Qxf3 12. gxf3 f6 13. Nd4 Bxd4 14. Bxd4 Kf7
15. Rg1 Ne7 16. f4 g6 17. O-O-O Rhd8 18. Bg2 c5 19. Bc3 Nc8 20. f5 Bc4 21. b3
Be2 22. Rd2 Bh5 23. Bxf6 Kxf6 24. e5+ Kxe5 25. Re1+ Kxf5 26. Bxa8 Kf6 27. Rd3
Bg4 28. Rde3 Bd7 29. Bb7 Nb6 30. Re7 Rb8 31. Bg2 h5 32. Rh7 Kg5 33. Ree7 Rf8
34. Rxd7 Rxf2 35. Bc6 Nxd7 36. Rxd7 Rxh2 37. Rxc7 Kf4 38. Ra7 g5 39. Rxa5 g4
40. Ra8 g3 41. Rg8 Re2 42. a5 Re7 43. a6 Ra7 44. Bb7 d5 45. Kd2 h4 46. Ke2 h3
47. Rh8 h2 48. Kf1 Ke3 49. Kg2 Kd2 50. Ra8 1-0

[Event "4NCL Division 2b"]
[Site "Telford, ENG"]
[Date "2017.11.11"]
[Round "1.63"]
[White "Brooks, Phil J"]
[Black "Scott, Gordon W"]
[Result "0-1"]
[WhiteElo "2205"]
[BlackElo "2223"]
[PlyCount "78"]
[EventDate "2017.11.11"]
[WhiteTeam "Warwickshire Select 1"]
[BlackTeam "Anglian Avengers 1"]

1. d4 Nf6 2. c4 g6 3. Nc3 Bg7 4. e4 d6 5. Nge2 O-O 6. Ng3 h5 7. Be2 Nbd7 8. O-O
c5 9. d5 a6 10. Bg5 Nh7 11. Be3 h4 12. Nh1 h3 13. g3 b5 14. cxb5 axb5 15. Bxb5
Qa5 16. Be2 Bxc3 17. bxc3 Qxc3 18. Bh6 Re8 19. f3 Ba6 20. Nf2 Bxe2 21. Qxe2
Reb8 22. Bd2 Qd4 23. Be3 Rb2 24. Qe1 Qc4 25. Nxh3 Ne5 26. Rf2 Raxa2 27. Rxa2
Qxa2 28. Rxb2 Qxb2 29. Qf2 Qb3 30. Kg2 c4 31. Bd4 c3 32. Qe3 Qa2+ 33. Nf2 c2
34. Qc3 Nf6 35. f4 Nd3 36. Qc8+ Kg7 37. Be3 Nxf2 38. Bxf2 Qb2 39. e5 c1=Q 0-1

[Event "4NCL Division 2b"]
[Site "Telford, ENG"]
[Date "2017.11.11"]
[Round "1.64"]
[White "Gallagher, Daniel GH"]
[Black "Mason, Donald J"]
[Result "1-0"]
[WhiteElo "2196"]
[BlackElo "2200"]
[PlyCount "59"]
[EventDate "2017.11.11"]
[WhiteTeam "Anglian Avengers 1"]
[BlackTeam "Warwickshire Select 1"]

1. e4 e6 2. d4 d5 3. Nd2 Nf6 4. e5 Nfd7 5. f4 c5 6. Ngf3 Nc6 7. Nb3 cxd4 8.
Nbxd4 Qb6 9. c3 Nc5 10. Be2 Be7 11. O-O O-O 12. Qc2 f5 13. Be3 Qd8 14. Rad1 Bd7
15. c4 Rc8 16. Qb1 a5 17. Kh1 Qe8 18. cxd5 exd5 19. Rc1 Nxd4 20. Nxd4 Qf7 21.
Bf3 Ne4 22. Qd3 Bc5 23. Nb3 Bb5 24. Qxb5 Bxe3 25. Rxc8 Rxc8 26. Bxe4 dxe4 27.
Nxa5 b6 28. Qa6 Qd7 29. Nc4 Bf2 30. Nd6 1-0

[Event "4NCL Division 2b"]
[Site "Telford, ENG"]
[Date "2017.11.11"]
[Round "1.65"]
[White "Shephard, Chris C W"]
[Black "Moore, Graham J"]
[Result "0-1"]
[WhiteElo "2208"]
[BlackElo "2201"]
[PlyCount "64"]
[EventDate "2017.11.11"]
[WhiteTeam "Warwickshire Select 1"]
[BlackTeam "Anglian Avengers 1"]

1. g3 e5 2. Bg2 Nf6 3. c4 c6 4. Nf3 e4 5. Nd4 Qb6 6. Nc2 d5 7. O-O h5 8. d3 h4
9. Be3 Bc5 10. Bxc5 Qxc5 11. b4 Qe7 12. cxd5 hxg3 13. fxg3 Bh3 14. Bxh3 Rxh3
15. dxe4 Qxe4 16. Nc3 Qh7 17. Qd3 Rxh2 18. Qxh7 Rxh7 19. Rad1 Rh5 20. Ne3 Nbd7
21. dxc6 bxc6 22. Nf5 Kf8 23. Rd6 Rc8 24. e4 g6 25. Ne3 Ke7 26. Nc4 Rch8 27.
Rxc6 Ng4 28. Nd5+ Kd8 29. Rxf7 Rh1+ 30. Kg2 R8h2+ 31. Kf3 Nge5+ 32. Ke3 Re1+
0-1

[Event "4NCL Division 2b"]
[Site "Telford, ENG"]
[Date "2017.11.11"]
[Round "1.66"]
[White "Talsma, Paul"]
[Black "Hynes, Anthony M"]
[Result "1-0"]
[WhiteElo "2192"]
[BlackElo "2170"]
[PlyCount "105"]
[EventDate "2017.11.11"]
[WhiteTeam "Anglian Avengers 1"]
[BlackTeam "Warwickshire Select 1"]

1. d4 d5 2. c4 dxc4 3. e3 Nf6 4. Bxc4 e6 5. Nf3 a6 6. O-O b5 7. Bd3 Bb7 8. a4
b4 9. Nbd2 Nbd7 10. Qe2 c5 11. e4 cxd4 12. Nc4 Nc5 13. e5 Nxd3 14. Qxd3 Ne4 15.
Bf4 g5 16. Bg3 h5 17. Nd6+ Bxd6 18. exd6 Nxg3 19. fxg3 Qxd6 20. Nxg5 Qd5 21.
Qd2 Rg8 22. Nh7 Qd6 23. Nf6+ Ke7 24. Nxg8+ Rxg8 25. Qh6 Qe5 26. Rae1 Qg5 27.
Qh7 Rg7 28. Qd3 Qd5 29. Qf3 Qxf3 30. gxf3 h4 31. Kf2 hxg3+ 32. hxg3 Kd6 33. Rh1
Rg5 34. g4 Rc5 35. Rc1 Ra5 36. Rc4 Rxa4 37. Rxd4+ Bd5 38. g5 e5 39. Rd2 Ra5 40.
Rh6+ Ke7 41. Rb6 b3 42. Re2 Bc4 43. Re4 Bd3 44. Re3 Bc2 45. Rc3 Kd7 46. Rcc6
Ra2 47. Rf6 Rxb2 48. Rxf7+ Ke8 49. Ra7 Bf5+ 50. Ke3 Rc2 51. Rxb3 Rc8 52. Rxa6
Rc7 53. Ra5 1-0

[Event "4NCL Division 2b"]
[Site "Telford, ENG"]
[Date "2017.11.11"]
[Round "1.67"]
[White "Fallowfield, Jeremy R"]
[Black "Gregory, Stephen J"]
[Result "1-0"]
[WhiteElo "2147"]
[BlackElo "2140"]
[PlyCount "93"]
[EventDate "2017.11.11"]
[WhiteTeam "Warwickshire Select 1"]
[BlackTeam "Anglian Avengers 1"]

1. d4 Nf6 2. c4 Nc6 3. Nf3 d6 4. g3 e5 5. Bg2 Be7 6. Nc3 O-O 7. O-O Re8 8. b3
h6 9. d5 Nb8 10. e4 c6 11. h3 cxd5 12. cxd5 Bd7 13. Be3 b5 14. Qd3 b4 15. Nd1
Qc8 16. Rc1 Qb7 17. Nb2 Bb5 18. Nc4 Nbd7 19. Nfd2 a5 20. Qb1 a4 21. Rc2 axb3
22. axb3 Rec8 23. Rfc1 Nc5 24. Nxd6 Bxd6 25. Bxc5 Ne8 26. Bf1 Bxf1 27. Nxf1
Bxc5 28. Rxc5 Nd6 29. Qd3 Rxc5 30. Rxc5 Ra2 31. Ne3 Qe7 32. Nc4 Qf6 33. Qe3
Nxe4 34. Rc8+ Kh7 35. Qxe4+ g6 36. Qe3 Qf5 37. Nd6 Qb1+ 38. Rc1 Qb2 39. Nxf7
Kg7 40. Qxh6+ Kxf7 41. Rc7+ Kf6 42. Rc6+ Ke7 43. Qg7+ Kd8 44. Qg8+ Ke7 45. Qe6+
Kf8 46. Rc8+ Kg7 47. Rg8+ 1-0

[Event "4NCL Division 2b"]
[Site "Telford, ENG"]
[Date "2017.11.11"]
[Round "1.68"]
[White "Peck, Silas"]
[Black "Phillips, David"]
[Result "1-0"]
[WhiteElo "2125"]
[BlackElo "1785"]
[PlyCount "55"]
[EventDate "2017.11.11"]
[WhiteTeam "Anglian Avengers 1"]
[BlackTeam "Warwickshire Select 1"]

1. e4 Nc6 2. Nf3 d6 3. d4 Bg4 4. d5 Nb8 5. Nc3 Nf6 6. Be2 Bxf3 7. Bxf3 Nbd7 8.
Bg5 g6 9. Qd2 Bg7 10. Bh6 O-O 11. Bxg7 Kxg7 12. O-O-O c6 13. Be2 cxd5 14. exd5
Qa5 15. g4 Rac8 16. g5 Ne8 17. h4 e5 18. h5 Nc7 19. Qe3 Rh8 20. Bg4 Rcd8 21.
Bxd7 Rxd7 22. Qh3 Rdd8 23. Qf3 Rdf8 24. h6+ Kg8 25. Qf6 Ne8 26. Ne4 Qxa2 27.
Qg7+ Nxg7 28. Nf6# 1-0

[Event "4NCL Division 2b"]
[Site "Telford, ENG"]
[Date "2017.11.11"]
[Round "1.71"]
[White "Golding, Alex"]
[Black "Polaczek, Richard"]
[Result "1/2-1/2"]
[WhiteElo "2222"]
[BlackElo "2398"]
[PlyCount "84"]
[EventDate "2017.11.11"]
[WhiteTeam "Guildford 3"]
[BlackTeam "Manchester Manticores 1"]

1. e4 e6 2. d3 d5 3. Nd2 c5 4. Ngf3 Nc6 5. g3 Bd6 6. Bg2 Nge7 7. O-O O-O 8. Re1
Bc7 9. a3 Bd7 10. c3 a5 11. b3 Bc8 12. Qc2 b6 13. Bb2 Ba6 14. Rad1 Qb8 15. Nf1
Rd8 16. b4 axb4 17. cxb4 cxb4 18. axb4 Bb5 19. Ra1 Rxa1 20. Bxa1 Bd6 21. Qb2 d4
22. Nxd4 Nxd4 23. Qxd4 e5 24. Qb2 Nc6 25. Ne3 Nxb4 26. Rd1 Ba4 27. Rd2 Nc6 28.
Nd5 Bc5 29. Qb1 Nd4 30. Bxd4 Bxd4 31. Bf3 Qd6 32. Bd1 Bd7 33. Ra2 Be6 34. Bb3
b5 35. Ra5 Rb8 36. Qa2 Bxd5 37. Bxd5 Qf6 38. Ra8 Rf8 39. Rxf8+ Kxf8 40. Qa8+
Ke7 41. Qb7+ Kf8 42. Qa8+ Ke7 1/2-1/2

[Event "4NCL Division 2b"]
[Site "Telford, ENG"]
[Date "2017.11.11"]
[Round "1.72"]
[White "Macklin, Paul"]
[Black "Grieve, Harry"]
[Result "1-0"]
[WhiteElo "2365"]
[BlackElo "2221"]
[PlyCount "81"]
[EventDate "2017.11.11"]
[WhiteTeam "Manchester Manticores 1"]
[BlackTeam "Guildford 3"]

1. e4 e5 2. Bc4 Nf6 3. d3 Be7 4. Nf3 d6 5. O-O c6 6. Bb3 Bg4 7. c3 Nbd7 8. Re1
h6 9. Nbd2 Nc5 10. Bc2 Ne6 11. h3 Bh5 12. Nf1 Ng5 13. N1h2 Nxf3+ 14. Nxf3 Nh7
15. d4 Qc7 16. Qd3 Bxf3 17. Qxf3 Bg5 18. Qg3 Bxc1 19. Raxc1 O-O-O 20. Rcd1 g6
21. Qe3 Qb6 22. Bb3 Ng5 23. Qg3 Rhe8 24. Qh4 Rh8 25. Qg4+ Kb8 26. h4 Ne6 27.
Bxe6 fxe6 28. dxe5 dxe5 29. Qxe6 Qxb2 30. Rb1 Qxc3 31. Rec1 Qd3 32. Qxc6 Rh7
33. Qxg6 Rhd7 34. Qxh6 Qxe4 35. Qg5 Qd5 36. Rd1 Qxa2 37. Qxe5+ Ka8 38. Rxd7
Qxb1+ 39. Kh2 Rc8 40. Qc7 Rb8 41. Rd8 1-0

[Event "4NCL Division 2b"]
[Site "Telford, ENG"]
[Date "2017.11.11"]
[Round "1.73"]
[White "Chavannes, Ivar"]
[Black "Jaunooby, Ali R"]
[Result "1-0"]
[WhiteElo "2111"]
[BlackElo "2200"]
[PlyCount "89"]
[EventDate "2017.11.11"]
[WhiteTeam "Guildford 3"]
[BlackTeam "Manchester Manticores 1"]

1. d4 d5 2. Nf3 Bf5 3. g3 h6 4. Bg2 e6 5. O-O c5 6. c4 Nc6 7. cxd5 exd5 8. Nc3
Nf6 9. Be3 c4 10. Ne5 Be6 11. Qa4 Qb6 12. Nxc4 Qb4 13. Ne5 Bd6 14. Nxc6 Qxa4
15. Nxa4 bxc6 16. Rac1 Ke7 17. Rxc6 Bd7 18. Ra6 Bb5 19. Ra5 a6 20. Nc5 Rhb8 21.
Bf4 g5 22. Bxd6+ Kxd6 23. Re1 Bc6 24. b3 Rb6 25. f3 Ne8 26. e4 Nc7 27. e5+ Ke7
28. Bh3 Rb4 29. Rc1 Ra7 30. Nxa6 Rb6 31. Nb4 Rxa5 32. Nxc6+ Rxc6 33. Rxc6 Na6
34. a4 Nb4 35. Rc7+ Kd8 36. Rxf7 Nc6 37. Rd7+ Ke8 38. e6 h5 39. Bf5 Ne7 40. Bd3
Ra8 41. f4 gxf4 42. gxf4 Rc8 43. f5 Rc1+ 44. Kf2 Rc3 45. f6 1-0

[Event "4NCL Division 2b"]
[Site "Telford, ENG"]
[Date "2017.11.11"]
[Round "1.74"]
[White "Lentzos, Ioanis"]
[Black "Flear, Christine"]
[Result "0-1"]
[WhiteElo "2140"]
[BlackElo "2084"]
[PlyCount "96"]
[EventDate "2017.11.11"]
[WhiteTeam "Manchester Manticores 1"]
[BlackTeam "Guildford 3"]

1. d4 d5 2. c4 e6 3. Nc3 a6 4. cxd5 exd5 5. Nf3 c6 6. Qc2 Bg4 7. Bf4 Nf6 8. Ne5
Bh5 9. e3 Nbd7 10. Bd3 Nxe5 11. Bxe5 Bg6 12. O-O Be7 13. Rab1 a5 14. a3 Bxd3
15. Qxd3 O-O 16. b4 axb4 17. axb4 Ra3 18. Qc2 Qa8 19. Rfc1 Nd7 20. Bg3 Nb6 21.
b5 Rc8 22. bxc6 Rxc6 23. Qb2 Qa5 24. Nb5 Nc4 25. Qe2 Ra2 26. Qg4 Nd2 27. Rxc6
bxc6 28. Qc8+ Qd8 29. Qxd8+ Bxd8 30. Nc3 Rc2 31. Ra1 Rxc3 32. h4 Kf8 33. Bd6+
Ke8 34. Ra8 Kd7 35. Bb4 Rc1+ 36. Kh2 Ne4 37. Ra7+ Ke6 38. f4 Bxh4 39. g4 Be1
40. f5+ Kf6 41. Rd7 Rb1 42. Bf8 Rb8 43. Kg2 g6 44. Kf3 Rb2 45. g5+ Kxg5 46.
Bh6+ Kxh6 47. fxg6 fxg6 48. Rf7 Rf2+ 0-1

[Event "4NCL Division 2b"]
[Site "Telford, ENG"]
[Date "2017.11.11"]
[Round "1.75"]
[White "Punnett, Alan K"]
[Black "Jayawarna, Nugith"]
[Result "1-0"]
[WhiteElo "2064"]
[BlackElo "2170"]
[PlyCount "52"]
[EventDate "2017.11.11"]
[WhiteTeam "Guildford 3"]
[BlackTeam "Manchester Manticores 1"]

1. e4 c5 2. Nf3 e6 3. d4 cxd4 4. Nxd4 Nc6 5. Be2 Qc7 6. O-O Nf6 7. Nc3 a6 8. a4
Nxd4 9. Qxd4 Bc5 10. Qd3 h5 11. h3 Qe5 12. Be3 Ng4 13. hxg4 hxg4 14. f4 Qh5 15.
Kf2 Qh4+ 16. g3 Qh2+ 17. Ke1 Qxg3+ 18. Kd2 Bxe3+ 19. Qxe3 Qxe3+ 20. Kxe3 f5 21.
exf5 exf5 22. Nd5 Kf7 23. Bd3 d6 24. Nb6 Rb8 25. Nxc8 Rbxc8 26. Bxf5 Kf6 1-0

[Event "4NCL Division 2b"]
[Site "Telford, ENG"]
[Date "2017.11.11"]
[Round "1.76"]
[White "Mazek, Marek"]
[Black "Shepley, Julien M"]
[Result "0-1"]
[WhiteElo "2110"]
[BlackElo "1974"]
[PlyCount "80"]
[EventDate "2017.11.11"]
[WhiteTeam "Manchester Manticores 1"]
[BlackTeam "Guildford 3"]

1. d4 d5 2. Bf4 Nf6 3. e3 c5 4. c3 Qb6 5. Qc2 Nc6 6. Nd2 Nh5 7. Bg5 h6 8. Bh4
g5 9. Be2 Ng7 10. Bg3 Nf5 11. Ngf3 Nxg3 12. hxg3 Bg7 13. O-O cxd4 14. exd4 Bg4
15. Bd3 Rc8 16. Qb3 Rd8 17. Rae1 O-O 18. Bb1 Qxb3 19. axb3 Rfe8 20. Nh2 Bc8 21.
f4 g4 22. Kh1 h5 23. Rf2 Bf6 24. Rfe2 Kg7 25. Nhf1 Rh8 26. Kg1 Nxd4 27. cxd4
Bxd4+ 28. Ne3 Bb6 29. Kh2 e6 30. b4 d4 31. Nec4 d3 32. Re5 f6 33. R5e4 Bf2 34.
Rf1 f5 35. Re5 Bd4 36. Ra5 h4 37. gxh4 Rxh4+ 38. Kg3 Rdh8 39. Ne5 Bxb2 40. Nec4
Bc3 0-1

[Event "4NCL Division 2b"]
[Site "Telford, ENG"]
[Date "2017.11.11"]
[Round "1.77"]
[White "Galer, Sebastian E"]
[Black "Kay, Lee P"]
[Result "1/2-1/2"]
[WhiteElo "1866"]
[BlackElo "2087"]
[PlyCount "61"]
[EventDate "2017.11.11"]
[WhiteTeam "Guildford 3"]
[BlackTeam "Manchester Manticores 1"]

1. e4 e6 2. d4 d5 3. e5 c5 4. c3 Qb6 5. Nf3 Bd7 6. Bd3 cxd4 7. cxd4 Bb5 8. O-O
Bxd3 9. Qxd3 Qa6 10. Qc2 Ne7 11. Nc3 Nd7 12. Be3 Rc8 13. Qb3 Nc6 14. Rac1 Be7
15. a3 O-O 16. Rfe1 Na5 17. Qb5 Qxb5 18. Nxb5 a6 19. Rxc8 Rxc8 20. Nc3 Nc4 21.
Bc1 b5 22. Nb1 Ndb6 23. b4 a5 24. bxa5 Nxa5 25. Bd2 Nbc4 26. Bb4 Bxb4 27. axb4
Nc6 28. Nc3 Na3 29. Na2 Ne7 30. Re3 Nc4 31. Rb3 1/2-1/2

[Event "4NCL Division 2b"]
[Site "Telford, ENG"]
[Date "2017.11.11"]
[Round "1.78"]
[White "Peacock, Malcolm R"]
[Black "Stimpson, Philip M"]
[Result "1-0"]
[WhiteElo "2117"]
[BlackElo "1926"]
[PlyCount "99"]
[EventDate "2017.11.11"]
[WhiteTeam "Manchester Manticores 1"]
[BlackTeam "Guildford 3"]

1. c4 e5 2. g3 Nf6 3. Bg2 c6 4. d4 exd4 5. Qxd4 d5 6. cxd5 cxd5 7. Nf3 Nc6 8.
Qa4 Bb4+ 9. Bd2 Qa5 10. Qxa5 Bxa5 11. Bxa5 Nxa5 12. Nc3 Bd7 13. O-O O-O 14.
Rfd1 Bc6 15. b4 Nc4 16. b5 Bd7 17. Nxd5 Nxd5 18. Rxd5 Nb6 19. Rc5 Na4 20. Rc7
Bxb5 21. Nd4 Ba6 22. Bxb7 Bxb7 23. Rxb7 Rfc8 24. Rab1 Nc5 25. R7b4 Kf8 26. Rc1
Ne6 27. Nxe6+ fxe6 28. Rxc8+ Rxc8 29. e3 Rc7 30. Kg2 Ke7 31. Kf3 Kd6 32. Ra4
Rf7+ 33. Ke2 Kc5 34. Ra6 Re7 35. Kd3 Kb5 36. Rd6 Kb4 37. Ke4 a5 38. f4 Ka3 39.
Ra6 a4 40. Ke5 Rb7 41. e4 Rb4 42. f5 exf5 43. Kxf5 Kxa2 44. e5 h6 45. e6 Rb5+
46. Ke4 Rb8 47. Kd5 Rd8+ 48. Kc6 Kb2 49. e7 Rc8+ 50. Kd7 1-0

[Event "4NCL Division 2b"]
[Site "Telford, ENG"]
[Date "2017.11.11"]
[Round "1.81"]
[White "Harley, Andrew D"]
[Black "Harakis, Alexis M"]
[Result "1/2-1/2"]
[WhiteElo "2193"]
[BlackElo "2284"]
[PlyCount "88"]
[EventDate "2017.11.11"]
[WhiteTeam "Poisoned Pawns 1"]
[BlackTeam "KJCA Kings"]

1. e4 e6 2. d4 d5 3. Nc3 Nf6 4. Bg5 dxe4 5. Nxe4 Nbd7 6. Nf3 h6 7. Nxf6+ Nxf6
8. Be3 Bd6 9. Bd3 b6 10. Qe2 Nd5 11. O-O-O Bb7 12. Ne5 O-O 13. f4 Nb4 14. Bc4
Bd5 15. Bxd5 Nxd5 16. Rhf1 Qe8 17. c4 Nxe3 18. Qxe3 Qa4 19. Qb3 Qxb3 20. axb3
a5 21. Kc2 Rfe8 22. g3 Rad8 23. Nc6 Rd7 24. Ne5 Bxe5 25. dxe5 Red8 26. Rxd7
Rxd7 27. Rd1 Rxd1 28. Kxd1 Kf8 29. Kd2 Ke7 30. Kc3 Kd7 31. b4 axb4+ 32. Kxb4
Kc6 33. Kc3 b5 34. b4 h5 35. Kd4 bxc4 36. Kxc4 Kb6 37. h3 c6 38. g4 h4 39. g5
g6 40. Kd4 Kb5 41. Kc3 c5 42. bxc5 Kxc5 43. Kd3 Kd5 44. Ke3 Kc4 1/2-1/2

[Event "4NCL Division 2b"]
[Site "Telford, ENG"]
[Date "2017.11.11"]
[Round "1.82"]
[White "Hand, Freddie"]
[Black "Swanson, Stephen"]
[Result "1/2-1/2"]
[WhiteElo "2192"]
[BlackElo "2179"]
[PlyCount "58"]
[EventDate "2017.11.11"]
[WhiteTeam "KJCA Kings"]
[BlackTeam "Poisoned Pawns 1"]

1. d4 d6 2. e4 g6 3. c4 Bg7 4. Nc3 Nd7 5. Be3 e5 6. Nge2 Ne7 7. Qd2 exd4 8.
Nxd4 Nc6 9. O-O-O O-O 10. h4 Nde5 11. h5 Ng4 12. Nxc6 bxc6 13. Bf4 Qe7 14. f3
Ne5 15. hxg6 fxg6 16. Bh6 Be6 17. Bxg7 Qxg7 18. b3 Qf7 19. Be2 Qf4 20. Qxf4
Rxf4 21. Rh6 Kg7 22. Rdh1 Rh8 23. Kd2 Rff8 24. Ke3 a5 25. f4 Nf7 26. R6h2 h5
27. f5 gxf5 28. Rxh5 Rxh5 29. Rxh5 Ne5 1/2-1/2

[Event "4NCL Division 2b"]
[Site "Telford, ENG"]
[Date "2017.11.11"]
[Round "1.83"]
[White "Clark, Kevin R"]
[Black "Verma, Aditya"]
[Result "1/2-1/2"]
[WhiteElo "2157"]
[BlackElo "2069"]
[PlyCount "69"]
[EventDate "2017.11.11"]
[WhiteTeam "Poisoned Pawns 1"]
[BlackTeam "KJCA Kings"]

1. e4 c5 2. c3 d5 3. exd5 Qxd5 4. d4 Nc6 5. Nf3 Bf5 6. Be3 cxd4 7. cxd4 Bxb1 8.
Rxb1 e6 9. a3 Nf6 10. Be2 Be7 11. O-O O-O 12. b4 b5 13. Qd3 a6 14. Ng5 h6 15.
Bf3 Qd7 16. Rfc1 Rac8 17. Ne4 Ne5 18. Qe2 Nxf3+ 19. Qxf3 Nxe4 20. Qxe4 Rxc1+
21. Rxc1 Rc8 22. g3 Rxc1+ 23. Bxc1 Qd5 24. Qxd5 exd5 25. Kf1 Bf6 26. Be3 h5 27.
h3 g5 28. g4 hxg4 29. hxg4 Kg7 30. Ke2 Kg6 31. Kd3 Be7 32. f3 f5 33. Bf2 Bf8
34. Bg3 Be7 35. Be5 1/2-1/2